| 000 | 00854nam a22002415a 4500 | ||
|---|---|---|---|
| 003 | OSt | ||
| 005 | 20170207112243.0 | ||
| 008 | 160922s1995 ua frb 000 0 ara d | ||
| 015 | _a95 / 1524 | ||
| 020 | _a9770082597 | ||
| 040 |
_aEG-ScBUE _bara _cEG-ScBUE _dEG-ScBUE |
||
| 082 | 0 | 4 |
_a341.48 _bق ا ض _222 |
| 100 | 1 | _aقاضي، محمد محمد مصباح. | |
| 245 | 1 | 0 |
_aحق الإنسان في محاكمة عادلة : _bدراسة مقارنة / _cمحمد محمد مصباح القاضي. |
| 250 | _aط. 2. | ||
| 260 |
_aالقاهرة : _bدار النهضة العربية، _c[1995] |
||
| 300 |
_a113 ص. ؛ _c24 سم. |
||
| 504 | _aيشتمل على إرجاعات ببليوجرافية. | ||
| 650 | 7 |
_aحقوق الإنسان (قانون دولي) _2BUEsh _940977 |
|
| 651 | _2BUEsh | ||
| 653 |
_bLLAAWW _cJanuary2017 |
||
| 942 | _2ddc | ||
| 999 |
_c24049 _d24021 |
||